000
00329cam a2200133ua 4500
003
OSt
008
240326b |||||||| |||| 00| 0 eng d
041
_a
eng
082
_a
371.102
_b
DEP/TE
245
_a
Teaching as a career /
260
_a
Washington :
_b
United states printing office ,
_c
1959.
300
_a
34 ; .
942
_c
BK
999
_c
10665
_d
10665